000 01028naa a22002777a 4500
001 BR8207111
003 BR-BrBNA
005 20240918175218.0
007 ta
008 230509b bl.||||| |||| 00| 0 por d
040 _aBR-BrBNA
_bpor
_cBiblioteca Nacional de Agricultura
041 _a(En)
072 _aL73
_b5100
_b4150
090 _aL73 BR8207111
100 1 _aCoggins, L.
111 1 _a2. Simposio Internacional de Anemia Infecciosa Equina
_cSao PaulO, SP (Brazil)
_d21-24 Mar 1982
245 1 _aInapparent carriers with equine infectious anemia virus [equino, anemia infecciosa]
260 3 _aSao Paulo, SP (Brasil):
_c1982.
500 _aAnais do 2. Simposio Internacional de Anemia Equina Sao Paulo, SP (Brasil): 1982. p. 59-81 (BR8207111-AM)L73
650 _aEQUINO
650 _aANEMIA INFECCIOSA
650 _aVIRUS
773 0 _tAnais do 2. Simposio Internacional de Anemia Equina
_wL73 BR8207111
_gSao Paulo, SP (Brasil), 1982. p. 59-81
909 _a202404
_bLucia
_c55
_dLucia Elande
942 _cAM
_2AGRIS
999 _c315647
_d315647